| 000 | 00802nam a2200229Ia 4500 | ||
|---|---|---|---|
| 003 | GCL | ||
| 005 | 20240530103142.0 | ||
| 008 | 140319s9999 xx 000 0 ara d | ||
| 040 |
_aGCL / _cGCL |
||
| 082 | 0 | 4 |
_a811.009 _bع ا |
| 100 | 1 | _aعبدالرؤوف عبدالعزيز مخلوف | |
| 245 | 1 | 0 |
_aابن رشيق ونقد الشعر : دراسة تحليلية نقدية تاريخية مقارنة / _cعبدالرؤوف عبدالعزيز مخلوف |
| 260 |
_a[S.N] : _bوكالة المطبوعات ، _c1973 |
||
| 300 | _a520 ص | ||
| 650 | 0 | 4 | _aالادب العربى |
| 650 | 0 | 4 | _aالنقد |
| 650 | 0 | 4 | _aالاندلس |
| 650 | 0 | 4 | _aالاوزان الشعرية |
| 650 | 0 | 4 | _aتاريخ ونقد |
| 650 | 0 | 4 | _aالشعر العربى - الاندلسى |
| 942 |
_2ddc _cBK |
||
| 999 |
_c37192 _d37192 |
||